000 00761nam a2200241Ia 4500
003 GCL
008 140319s9999 xx 000 0 ara d
020 _a0040399977
040 _aGCL /
_cGCL
082 0 4 _a810.8035
_bر ق
100 1 _aرجاء النقاش
245 1 0 _aقلوب وعقول /
_cرجاء النقاش
250 _aالاولى
260 _aالقاهرة :
_bأطلس للنشر والانتاج الاعلامى ،
_c2005
300 _a175 ص ؛
_c24 سم
650 0 4 _aالمقالات العربية
650 0 4 _aالسعادة
650 0 4 _aالتفاؤل
650 0 4 _aالادب العربى الفلسفى - مصر
650 0 4 _aالادب العربى الاجتماعى
650 0 4 _aالتواضع
942 _2ddc
_cBK
999 _c9333
_d9333